Near Coastal Navigation : for certification as navigational watchkeeper on vessels engaged on near coastal voyages / (Record no. 247)

000 -LEADER
fixed length control field 00625nam a2200169Ia 4500
008 - FIXED-LENGTH DATA ELEMENTS--GENERAL INFORMATION
fixed length control field 190805s9999||||xx |||||||||||||| ||und||
020 ## - INTERNATIONAL STANDARD BOOK NUMBER
International Standard Book Number 9780851745329
Terms of availability £ 40.00
082 04 - DEWEY DECIMAL CLASSIFICATION NUMBER
Classification number 623.89
Item number Si581 V.1
100 1# - MAIN ENTRY--PERSONAL NAME
Personal name Simpson, Alexander
245 10 - TITLE STATEMENT
Title Near Coastal Navigation : for certification as navigational watchkeeper on vessels engaged on near coastal voyages /
260 ## - PUBLICATION, DISTRIBUTION, ETC. (IMPRINT)
Place of publication, distribution, etc Glasgow :
Name of publisher, distributor, etc Brown, Son & Ferguson Ltd,
Date of publication, distribution, etc 1991
300 ## - PHYSICAL DESCRIPTION
Extent vii, 232 p.
Other physical details : ill.
Dimensions ; 22 cm.
490 00 - SERIES STATEMENT
Series statement Navigation Guide ;
Volume number/sequential designation Vol. 1
650 #0 - SUBJECT ADDED ENTRY--TOPICAL TERM
Topical term or geographic name as entry element Navigation
General subdivision Handbooks, manuals, etc.
852 ## - LOCATION/CALL NUMBER
Location
942 ## - ADDED ENTRY ELEMENTS (KOHA)
Item type Books
Holdings
Withdrawn status Lost status Damaged status Not for loan Collection code Permanent location Current location Shelving location Date acquired Source of acquisition Cost, normal purchase price Full call number Barcode Date last seen Koha item type Public note
        Nautical Science IMU Kochi Library IMU Kochi Library Reference 2017-07-26 Sterling Book House 3456.00 623.89 Si581 V.1 BK004317 2019-08-05 Books Shelf-4, Row-5
        Nautical Science IMU Kochi Library IMU Kochi Library Reference 2017-07-26 Sterling Book House 3456.00 623.89 Si581 V.1 BK004316 2020-08-04 Books Shelf-4, Row-5


Copyright © All Rights Reserved by Indian Maritime University, Kochi Campus.
For any Suggestions/Query Contact to library or Email: library.kochi@imu.ac.in Ph:(0484)-2989402
(Web OPAC Designed by Rudra Ranjan. Maintained by IMU Kochi Library)

Powered by Koha